000 00639nam a2200229Ia 4500
001 7385
003 15013
005 20241206062721.0
008 ||||||n9999 ||| || ||
041 _aspa
082 _220
_a352
100 _aRizo Otero, Harold José
_913053
245 0 _aHacia una reforma integral de la administracion local en Colombia y proyecto de reforma a la estructura administrativa del municipio de Cali
260 _aBogotá :
_bJAVER,
_c1967.
300 _a135p
562 _e1
650 0 _aAdministración local
_94341
650 _aCOLOMBIA
_913054
942 _cBKM
999 _c7385
_d7385
526 _a51868
526 _a1697